00964nam a22001817a 45000010005000000030006000050050017000110080041000280200018000690400029000870820011001161000016001272450079001432600036002223000048002585200395003066500081007018677FISKH20260213132846.0251009b cb ||||| |||| 00| 0 eng d a9781107636422 aFISKHbengcFISKHdFISKH a428.2  aBurt, Sally aCambridge primary English activity book 5 /cSally Burt and Debbie Ridgard aNew York : bCambridge, c2015. a136 pages : bcolor illustrations ; c28 cm aThis activity book complements the Learner’s Book in the Cambridge Primary English series (Stage 5). It offers a variety of exercises to reinforce reading, writing, listening, and grammar skills. The tasks are designed to consolidate language points introduced in the main book, provide extra spelling practice, and support comprehension through themes, texts, and interactive activities. aGrammar & vocabulary exercises vReading comprehension xSpelling practice